[Event "Barcelona Vulca"]
[Site "Barcelona ESP"]
[Date "1990.??.??"]
[Round "6"]
[White "Campos Moreno, Javier B"]
[Black "Martin Gonzalez, Angel"]
[Result "1-0"]
[WhiteElo "2440"]
[BlackElo "2400"]
[PlyCount "69"]
[EventDate "1990.06.??"]
[Source "www.chesslib.no"]
[SourceDate "2004.05.04"]

1. d4 Nf6 2. c4 e6 3. Nc3 d5 4. Bg5 c5 5. cxd5 Qb6 6. Bxf6 Qxb2 7. Qc1 Qxc1+ 8. Rxc1 gxf6 9. dxc5 Bxc5 10. e3 Nd7 11. Nf3 Nb6 12. Bb5+ Ke7 13. dxe6 Ba3 14. Rc2 Bxe6 15. Ke2 Rac8 16. Bd3 Rhg8 17. g3 Nd5 18. Nxd5+ Bxd5 19. Rb1 Rxc2+ 20. Bxc2 Rb8 21. Nd2 b5 22. Bxh7 b4 23. Nb3 Rh8 24. Bf5 Rxh2 25. Rd1 Bc4+ 26. Kf3 Bb5 27. Nd4 Be8 28. Be4 Rh5 29. Nf5+ Kf8 30. Rd8 Rg5 31. g4 b3 32. axb3 Rxf5+ 33. gxf5 Ke7 34. Rc8 Bd6 35. Bc6 1-0

[Event "BUL Ch"]
[Site "Sofia BUL"]
[Date "1996.??.??"]
[Round "3"]
[White "Drenchev, Petar"]
[Black "Inkiov, Ventzislav V"]
[Result "1/2-1/2"]
[WhiteElo "2335"]
[BlackElo "2500"]
[PlyCount "43"]
[EventDate "1996.??.??"]
[Source "www.chesslib.no"]
[SourceDate "2004.05.04"]

1. c4 e6 2. Nc3 d5 3. d4 Nf6 4. Bg5 c5 5. e3 cxd4 6. exd4 Be7 7. Nf3 O-O 8. cxd5 Nxd5 9. Bxe7 Qxe7 10. Bd3 Nf6 11. O-O b6 12. Re1 Bb7 13. d5 Nxd5 14. Nxd5 Bxd5 15. Bxh7+ Kxh7 16. Qxd5 exd5 17. Rxe7 Nc6 18. Rc7 Rac8 19. Rxc8 Rxc8 20. Rc1 Ne7 21. Rxc8 Nxc8 22. Kf1 1/2-1/2

[Event "1st Autumn"]
[Site "Alushta"]
[Date "2004.09.01"]
[Round "7"]
[White "Khurtsidze, Nino"]
[Black "Kalygin, Sergey V"]
[Result "1/2-1/2"]
[WhiteElo "2391"]
[BlackElo "2440"]
[PlyCount "64"]
[EventDate "2004.08.28"]
[Source "Roberto Alvarez"]
[SourceDate "2004.09.15"]

1. d4 d5 2. c4 e6 3. Nc3 Nf6 4. Bg5 c5 5. cxd5 Qb6 6. Bxf6 Qxb2 7. Qc1 Qxc1+ 8. Rxc1 gxf6 9. Ne4 c4 10. Rxc4 Nd7 11. dxe6 Nb6 12. exf7+ Kxf7 13. Rc7+ Kg6 14. e3 Nd5 15. Rc1 Bb4+ 16. Nd2 Bf5 17. Bc4 Rac8 18. Ne2 Nb6 19. Bb3 Rxc1+ 20. Nxc1 a5 21. Ke2 a4 22. Bd1 Rc8 23. Nd3 Bxd3+ 24. Kxd3 Rc3+ 25. Ke2 Kg7 26. e4 Ra3 27. Bc2 Bxd2 28. Kxd2 Nc4+ 29. Ke2 Rxa2 30. Kd3 b5 31. Kc3 Ra3+ 32. Kb4 Ra2 1/2-1/2

[Event "1st Stage Russian Cup"]
[Site "Tomsk"]
[Date "2003.07.09"]
[Round "6"]
[White "Gareev, Timur"]
[Black "Kron, Valentin"]
[Result "1/2-1/2"]
[WhiteElo "2423"]
[BlackElo "2407"]
[PlyCount "97"]
[EventDate "2003.07.04"]
[Source "Roberto Alvarez"]
[SourceDate "2003.08.18"]

1. d4 d5 2. c4 e6 3. Nc3 Nf6 4. Bg5 c5 5. cxd5 cxd4 6. Qxd4 Be7 7. e4 Nc6 8. Qd2 Nxd5 9. exd5 Bxg5 10. f4 Bh4+ 11. g3 exd5 12. gxh4 Qxh4+ 13. Qf2 Qe7+ 14. Qe2 Be6 15. O-O-O d4 16. Ne4 O-O 17. Ng5 Qc5+ 18. Qc2 Qxc2+ 19. Kxc2 Nb4+ 20. Kd2 Bxa2 21. Bd3 h6 22. Ne4 Bd5 23. Ne2 f5 24. N4g3 Bxh1 25. Rxh1 Nxd3 26. Kxd3 g6 27. h4 h5 28. Rg1 Kf7 29. Nxd4 Rfd8 30. Nf1 Rd6 31. Nd2 Rad8 32. N2f3 Kf6 33. Ke3 a6 34. Rg2 Rd5 35. Rg1 R8d6 36. Rg2 Ke7 37. Rc2 Kd8 38. Rc4 Rb6 39. b4 Rd7 40. Ne5 Rc7 41. Kd3 Rxc4 42. Kxc4 Ke7 43. Kc5 Rd6 44. Nc4 Rd8 45. Nb6 Rf8 46. Nd5+ Kd7 47. Nb6+ Ke7 48. Kd5 Rd8+ 49. Kc5 1/2-1/2

[Event "Ceske Budejovice Open"]
[Site "Ceske Budejovice CZE"]
[Date "1995.??.??"]
[Round "9"]
[White "Potapov, Alexander"]
[Black "Meister, Yakov"]
[Result "1/2-1/2"]
[WhiteElo "2375"]
[BlackElo "2450"]
[PlyCount "167"]
[EventDate "1995.??.??"]
[Source "www.chesslib.no"]
[SourceDate "2004.05.04"]

1. d4 d5 2. c4 e6 3. Nc3 Nf6 4. Bg5 c5 5. cxd5 cxd4 6. Qxd4 Be7 7. e4 Nc6 8. Qd2 Nxd5 9. exd5 Bxg5 10. f4 Bh4+ 11. g3 exd5 12. gxh4 O-O 13. Nf3 d4 14. Ne2 Bg4 15. Bg2 d3 16. Ng3 Re8+ 17. Kf1 Bxf3 18. Bxf3 Nd4 19. Qxd3 Qb6 20. Kg2 Ne6 21. Ne2 Qxb2 22. Kg3 Qf6 23. Rad1 Nc5 24. Qd6 Ne6 25. Rhe1 Rac8 26. Nd4 Red8 27. Rxe6 Rxd6 28. Rxf6 Rxf6 29. Bxb7 Rd8 30. Rc1 g5 31. hxg5 Rb6 32. Rc8 Rxc8 33. Bxc8 Rb2 34. a3 Rd2 35. Nb5 a5 36. Kf3 Rxh2 37. Ke3 Kg7 38. a4 f6 39. gxf6+ Kxf6 40. Nc3 h5 41. Ne4+ Ke7 42. Ba6 Ra2 43. Bb5 h4 44. f5 h3 45. f6+ Kf8 46. Ng3 Rg2 47. Kf3 Rg1 48. Kg4 h2 49. Bc6 Rc1 50. Bd5 Rd1 51. Ba8 Rd4+ 52. Kh3 Rxa4 53. Kxh2 Rf4 54. Ne4 a4 55. Nc5 Kf7 56. Kg3 Rd4 57. Nxa4 Rxa4 58. Bc6 Rb4 59. Kf3 Kxf6 60. Ke3 Ke5 61. Kd3 Kd6 62. Kc3 Kc5 63. Bd5 Rh4 64. Bb3 Rh3+ 65. Kb2 Kb4 66. Ba2 Rh2+ 67. Ka1 Ka3 68. Bb1 Rf2 69. Bd3 Rd2 70. Bb1 Rb2 71. Bd3 Ra2+ 72. Kb1 Rd2 73. Be4 Rd1+ 74. Kc2 Rd4 75. Bf5 Rb4 76. Be6 Rb2+ 77. Kc3 Rb6 78. Bd5 Rb5 79. Be6 Rc5+ 80. Bc4 Rc8 81. Kd4 Kb4 82. Bd5 Rd8 83. Ke5 Kc5 84. Be6 1/2-1/2

[Event "URS-ch48 sf Krasnodar"]
[Site "Krasnodar RUS"]
[Date "1980.??.??"]
[Round "?"]
[White "Gorelov, Sergey G"]
[Black "Ubilava, Elizbar E"]
[Result "1-0"]
[WhiteElo "2395"]
[BlackElo "2430"]
[PlyCount "67"]
[EventDate "1980.??.??"]
[Source "www.chesslib.no"]
[SourceDate "2004.05.04"]

1. d4 d5 2. c4 e6 3. Nc3 Nf6 4. Bg5 c5 5. cxd5 cxd4 6. Qxd4 Be7 7. e4 Nc6 8. Qd2 Nxd5 9. exd5 Bxg5 10. f4 Bh4+ 11. g3 exd5 12. gxh4 Qxh4+ 13. Qf2 Qe7+ 14. Qe2 Be6 15. Nf3 d4 16. Nd1 O-O-O 17. Bg2 Qc5 18. O-O Bc4 19. Qc2 Nb4 20. Qc1 b6 21. a3 d3+ 22. Qe3 Nc2 23. Qxc5+ bxc5 24. Rc1 Rhe8 25. Nd2 Ba6 26. Nc3 f5 27. Na4 c4 28. Nc5 Re2 29. Rf2 Rd6 30. Nxa6 Rxa6 31. Nxc4 Kb8 32. Ne5 Re1+ 33. Rxe1 Nxe1 34. Kf1 1-0

[Event "Moscow ol (Men)"]
[Site "Moscow"]
[Date "1994.??.??"]
[Round "4"]
[White "Campos Moreno, Javier B"]
[Black "Norri, Joose"]
[Result "1/2-1/2"]
[WhiteElo "2445"]
[BlackElo "2375"]
[PlyCount "83"]
[EventDate "1994.11.??"]
[Source "ChessBase"]

1. d4 Nf6 2. c4 e6 3. Nc3 d5 4. Bg5 c5 5. cxd5 cxd4 6. Qa4+ Qd7 7. Qxd4 Nc6 8. Qa4 Nxd5 9. e3 Bb4 10. Rc1 O-O 11. Bb5 a6 12. Bxc6 Qxc6 13. Qxc6 bxc6 14. Nge2 Rb8 15. e4 Nxc3 16. Nxc3 Bxc3+ 17. bxc3 Rb2 18. a3 e5 19. O-O Be6 20. Be7 Rfb8 21. Rfd1 h6 22. Bb4 Bb3 23. Rd6 Ba4 24. f3 Ra2 25. c4 Rb2 26. h4 Re2 27. Kh2 Ra2 28. Kg3 h5 29. Rd3 Rb2 30. c5 Ra2 31. Rd7 a5 32. Rd2 Rxd2 33. Bxd2 Rb3 34. Bxa5 Rxa3 35. Bc7 f6 36. Rb1 Bb5 37. Rb2 Rc3 38. Bd6 Ra3 39. Kf2 Kf7 40. g3 Ke6 41. Rd2 Bc4 42. Bf8 1/2-1/2

[Event "BL2-S 9697"]
[Site "?"]
[Date "1996.??.??"]
[Round "?"]
[White "Kekelidze Mikheil"]
[Black "Sokolovs Andrei"]
[Result "1/2-1/2"]
[WhiteElo "2325"]
[BlackElo "2480"]
[PlyCount "45"]
[EventDate "1996.??.??"]
[Source "www.chesslib.no"]
[SourceDate "2004.05.04"]

1. d4 d5 2. c4 e6 3. Nc3 Nf6 4. Bg5 c5 5. cxd5 Qb6 6. Bxf6 Qxb2 7. Qc1 Qxc1+ 8. Rxc1 gxf6 9. Ne4 Nd7 10. dxe6 fxe6 11. dxc5 f5 12. Nd6+ Ke7 13. e4 Bh6 14. Rd1 Ne5 15. exf5 exf5 16. Bc4 Rd8 17. Nf7 Rxd1+ 18. Kxd1 Bg7 19. Nh3 Bd7 20. Re1 Kf6 21. Nf4 Bh8 22. Nh5+ Kg6 23. Nf4+ 1/2-1/2

[Event "Espoo"]
[Site "Espoo"]
[Date "1987.??.??"]
[Round "1"]
[White "Brinck-Claussen, Bjorn"]
[Black "Pyhala, Antti"]
[Result "0-1"]
[WhiteElo "2390"]
[BlackElo "2385"]
[PlyCount "70"]
[EventDate "1987.??.??"]
[Source "www.chesslib.no"]
[SourceDate "2004.05.04"]

1. d4 d5 2. c4 e6 3. Nc3 Nf6 4. Bg5 c5 5. cxd5 cxd4 6. Qxd4 Be7 7. e4 Nc6 8. Qd2 Nxd5 9. exd5 Bxg5 10. f4 Bh4+ 11. g3 exd5 12. gxh4 Qxh4+ 13. Qf2 Qe7+ 14. Qe2 Be6 15. Nf3 d4 16. Nb5 O-O-O 17. Rc1 Kb8 18. Kf2 Qf6 19. Qd2 a6 20. Na3 Bd5 21. Bg2 h6 22. Nc4 g5 23. Nb6 Be4 24. Rhe1 Bg6 25. Kg1 gxf4 26. Nc4 Rhg8 27. Na5 Nxa5 28. Qxa5 Qd6 29. Kh1 d3 30. Nd2 Rc8 31. Rc4 Rce8 32. Rf1 Re2 33. Bf3 Qe7 34. Rb4 Rxh2+ 35. Kxh2 Qh4+ 0-1

[Event "FINEC GMB"]
[Site "St Petersburg RUS"]
[Date "2008.01.27"]
[Round "4"]
[White "Goganov, A."]
[Black "Zacurdajev, M."]
[Result "1/2-1/2"]
[WhiteElo "2358"]
[BlackElo "2408"]
[PlyCount "70"]
[EventDate "2008.01.24"]
[Source "www.chesslib.no"]
[SourceDate "2004.05.04"]

1. d4 Nf6 2. c4 e6 3. Nc3 d5 4. Bg5 c5 5. cxd5 cxd4 6. Qxd4 Be7 7. e4 Nc6 8. Qd2 exd5 9. Bxf6 Bxf6 10. exd5 Qe7+ 11. Nge2 Nb4 12. a3 Bg5 13. Qd1 Na6 14. g3 Nc5 15. Bg2 Bf5 16. O-O O-O 17. Nd4 Bg6 18. Re1 Qd8 19. Bf1 Bf6 20. Nb3 Rc8 21. Rc1 Bg5 22. Ra1 Bf6 23. Nxc5 Rxc5 24. Bg2 Bxc3 25. bxc3 Rxc3 26. Qd4 Qa5 27. Qb4 Qxb4 28. axb4 a6 29. Rad1 Rb3 30. d6 Rd8 31. Rd4 Kf8 32. Bxb7 a5 33. Re5 Rxb4 34. Rxb4 axb4 35. Rb5 Rxd6 1/2-1/2

[Event "Regionalliga SO9798"]
[Site "Bayern"]
[Date "1998.??.??"]
[Round "?"]
[White "Nikolac, Juraj"]
[Black "Koenig, Bernhard"]
[Result "1-0"]
[WhiteElo "2515"]
[BlackElo "2245"]
[PlyCount "75"]
[EventDate "1997.??.??"]
[Source "www.chesslib.no"]
[SourceDate "2004.05.04"]

1. d4 d5 2. c4 e6 3. Nc3 Nf6 4. Bg5 c5 5. Nf3 cxd4 6. Nxd4 e5 7. Nc2 d4 8. Nd5 Be6 9. e4 Be7 10. Bxf6 Bxf6 11. Be2 Nc6 12. O-O O-O 13. Ne1 Bg5 14. Nd3 f5 15. Nc5 Bc8 16. exf5 Ne7 17. Bf3 Nxf5 18. Re1 Bf6 19. Qb3 Nd6 20. Nd3 Nf7 21. g3 Rb8 22. Bg2 Bf5 23. f4 Re8 24. Nxf6+ Qxf6 25. Nxe5 Nxe5 26. fxe5 Rxe5 27. Rf1 Qe7 28. Rf2 Bg6 29. Raf1 Re1 30. c5+ Kh8 31. c6 Rxf1+ 32. Rxf1 b6 33. Qa3 Qe8 34. c7 Rc8 35. Bc6 Qe3+ 36. Qxe3 dxe3 37. Bd7 e2 38. Bxc8 1-0

[Event "Skopje ol (Men)"]
[Site "Skopje MKD"]
[Date "1972.10.01"]
[Round "5.2"]
[White "Vranesic, Zvonko"]
[Black "Cornelis, Frans B"]
[Result "1-0"]
[WhiteElo "2425"]
[BlackElo "2320"]
[PlyCount "93"]
[EventDate "1972.09.??"]
[Source "www.chesslib.no"]
[SourceDate "2004.05.04"]

1. d4 Nf6 2. c4 e6 3. Nc3 d5 4. Bg5 c5 5. cxd5 cxd4 6. Qxd4 Be7 7. e4 Nc6 8. Qd2 Nxe4 9. Bxe7 Qxe7 10. Nxe4 exd5 11. Qxd5 f5 12. Bb5 Bd7 13. Ne2 fxe4 14. O-O O-O-O 15. Qb3 Kb8 16. Rad1 Ka8 17. Ng3 a6 18. Bxc6 Bxc6 19. Rfe1 Rxd1 20. Rxd1 Rf8 21. Qb6 h5 22. Nxh5 e3 23. Qxe3 Qf7 24. Ng3 Qxa2 25. Qb6 Qa4 26. Qd4 Qb3 27. h3 g6 28. Rd2 Re8 29. Re2 Qf7 30. Rxe8+ Qxe8 31. Qe3 Qxe3 32. fxe3 a5 33. Ne2 b5 34. Nd4 Kb7 35. Kf2 Be8 36. Ke2 Kb6 37. Kd3 Kc5 38. h4 a4 39. g4 b4 40. Ne6+ Kd6 41. Ng5 a3 42. bxa3 bxa3 43. Kc3 Ke5 44. Kb3 Kf6 45. Kxa3 Bd7 46. Ne4+ Ke5 47. Nf2 1-0

[Event "Zetters"]
[Site "Birmingham ENG"]
[Date "1975.04.11"]
[Round "14"]
[White "Bisguier, Arthur B"]
[Black "Mestel, Jonathan"]
[Result "1-0"]
[WhiteElo "2445"]
[BlackElo "2290"]
[PlyCount "85"]
[EventDate "1975.03.27"]
[Source "www.chesslib.no"]
[SourceDate "2004.05.04"]

1. d4 Nf6 2. c4 e6 3. Nc3 d5 4. Bg5 c5 5. cxd5 cxd4 6. Qxd4 Be7 7. e4 Nc6 8. Qd2 Nxe4 9. Nxe4 exd5 10. Bxe7 Qxe7 11. Qxd5 O-O 12. f3 Nb4 13. Qc4 Bf5 14. a3 Na6 15. Be2 Rac8 16. Qd5 Bxe4 17. Qxe4 Qf6 18. Rd1 Qxb2 19. Kf2 Rfe8 20. Qd4 Qa2 21. Rd2 Qb1 22. Qb2 Rc1 23. Qxb1 Rxb1 24. Bd3 Ra1 25. Bxa6 bxa6 26. Re2 Rb8 27. Re1 Ra2+ 28. Ne2 Rbb2 29. h4 f5 30. f4 a5 31. Rh3 a4 32. Rc3 Kf7 33. h5 h6 34. Rc7+ Ke6 35. Rxg7 Rxa3 36. Rg6+ Kf7 37. Rxh6 Kg7 38. Rg6+ Kh7 39. Rc1 Rab3 40. Rc7+ Kh8 41. Re6 Rb8 42. h6 a3 43. Ree7 1-0

[Event "RUS-Cup4"]
[Site "Perm"]
[Date "1997.??.??"]
[Round "1"]
[White "Volzhin, Alexander"]
[Black "Gavrilov, Andrei"]
[Result "1-0"]
[WhiteElo "2505"]
[BlackElo "2230"]
[PlyCount "97"]
[EventDate "1997.02.02"]
[Source "ChessBase"]

1. d4 Nf6 2. c4 e6 3. Nc3 d5 4. Bg5 c5 5. e3 cxd4 6. exd4 Be7 7. Nf3 O-O 8. Bd3 Nc6 9. O-O h6 10. Be3 b6 11. Re1 dxc4 12. Bxc4 Bb7 13. a3 Rc8 14. Ba2 Na5 15. Rc1 Nc4 16. Qe2 Nxe3 17. fxe3 Ne4 18. Nxe4 Bxe4 19. Bb1 Bxb1 20. Rxb1 Qd5 21. Rbc1 Qb3 22. Ne5 Bg5 23. Nc6 Qa4 24. Rc4 Qa6 25. Rc3 Qb7 26. Rec1 Rc7 27. Qf3 Re8 28. Kf2 Kf8 29. Ne5 Qxf3+ 30. Kxf3 Rxc3 31. Rxc3 Bd8 32. Rc8 b5 33. Ra8 Bc7 34. Rxa7 Bxe5 35. dxe5 Rc8 36. Rb7 Rc5 37. Kf4 g5+ 38. Ke4 Kg7 39. g4 Kg6 40. h3 Rc4+ 41. Kd3 Rc5 42. e4 Rxe5 43. Kd4 f6 44. b4 h5 45. Rc7 h4 46. Rb7 Kh6 47. Rf7 Kg6 48. Rc7 Kh6 49. Rc5 1-0

[Event "26th Liechtenstein Open"]
[Site "Triesen LIE"]
[Date "2008.04.27"]
[Round "3"]
[White "Siebrecht, S."]
[Black "Keller, M1."]
[Result "0-1"]
[WhiteElo "2490"]
[BlackElo "2245"]
[PlyCount "50"]
[EventDate "2008.04.25"]
[Source "www.chesslib.no"]
[SourceDate "2004.05.04"]

1. c4 e6 2. Nc3 d5 3. d4 Nf6 4. Bg5 c5 5. cxd5 cxd4 6. Qxd4 Be7 7. e4 Nc6 8. Bb5 O-O 9. Bxc6 bxc6 10. Bxf6 Bxf6 11. e5 c5 12. Qxc5 Bxe5 13. Nf3 Bxc3+ 14. bxc3 Ba6 15. d6 Rc8 16. Qa3 Qb6 17. d7 Rb8 18. Qb4 Qc6 19. Qd4 Rfd8 20. O-O-O Rxd7 21. Qe5 Rdb7 22. Rd6 Qc4 23. Rhd1 Rb1+ 24. Kd2 R8b2+ 25. Ke3 Re2# 0-1

[Event "Darm Heinerfestpokal Open"]
[Site "Darm"]
[Date "1994.??.??"]
[Round "?"]
[White "Gawronski, Miroslaw"]
[Black "Ginsburg, Gennadij"]
[Result "0-1"]
[WhiteElo "2290"]
[BlackElo "2435"]
[PlyCount "54"]
[EventDate "1994.??.??"]
[Source "www.chesslib.no"]
[SourceDate "2004.05.04"]

1. d4 d5 2. c4 e6 3. Nc3 Nf6 4. Bg5 c5 5. cxd5 cxd4 6. Qxd4 Be7 7. Rd1 exd5 8. Bxf6 Bxf6 9. Qxd5 Bxc3+ 10. bxc3 Qc7 11. Qb5+ Bd7 12. Qb4 Na6 13. Qd4 f6 14. e3 Nc5 15. Bc4 O-O-O 16. Ne2 Bf5 17. Qf4 Rxd1+ 18. Kxd1 Rd8+ 19. Kc1 Bd3 20. Rd1 Qxf4 21. Nxf4 Bxc4 22. Rxd8+ Kxd8 23. Nh5 Ne6 24. f4 Bxa2 25. f5 Nc5 26. Nxg7 Bf7 27. g4 Ke7 0-1

[Event "Oslo2"]
[Site "Oslo NOR"]
[Date "1992.??.??"]
[Round "2"]
[White "Engqvist, Thomas"]
[Black "Pedersen, Steffen"]
[Result "0-1"]
[WhiteElo "2395"]
[BlackElo "2325"]
[PlyCount "44"]
[EventDate "1992.??.??"]
[Source "www.chesslib.no"]
[SourceDate "2004.05.04"]

1. d4 d5 2. c4 e6 3. Nc3 Nf6 4. Bg5 c5 5. cxd5 cxd4 6. Qa4+ Qd7 7. Qxd4 Nc6 8. Qa4 Nxd5 9. O-O-O Be7 10. Bd2 O-O 11. Nf3 a6 12. e3 Ndb4 13. Ne4 b5 14. Qa3 Qc7 15. Kb1 e5 16. Bxb4 Nxb4 17. Qc3 Qb7 18. Ng3 Be6 19. a3 Rac8 20. Qxe5 Qc6 21. Bxb5 Qc2+ 22. Ka1 Qb3 0-1

[Event "YUG-ch35"]
[Site "?"]
[Date "1980.03.08"]
[Round "15"]
[White "Lakic Nikola"]
[Black "Ristic Nenad"]
[Result "1-0"]
[WhiteElo "2395"]
[BlackElo "2325"]
[PlyCount "84"]
[EventDate "1980.??.??"]
[Source "www.chesslib.no"]
[SourceDate "2004.05.04"]

1. d4 Nf6 2. c4 e6 3. Nc3 d5 4. Bg5 c5 5. cxd5 cxd4 6. Qa4+ Qd7 7. Qxd4 Nc6 8. Qd2 Nxd5 9. a3 Nxc3 10. Qxc3 f6 11. Rd1 Qf7 12. Be3 e5 13. Bc5 Bxc5 14. Qxc5 Be6 15. e3 Rc8 16. Nf3 Nd4 17. Bb5+ Nxb5 18. Qxb5+ Rc6 19. O-O O-O 20. Rfe1 Rb6 21. Qa5 Bg4 22. Qxa7 Rxb2 23. Rd2 Rb3 24. h3 Bd7 25. Red1 Bc6 26. Rd8 g5 27. Qb8 Kg7 28. Nd2 Rxd8 29. Qxd8 Rxa3 30. Ne4 Kg6 31. Ng3 Qe8 32. Qd6 Ra8 33. e4 h5 34. Qd3 Qe6 35. Nf5 b5 36. f3 b4 37. Qc2 b3 38. Qc3 Ba4 39. Rd6 Qe8 40. h4 Rc8 41. Qd2 Kf7 42. hxg5 Rc2 1-0

[Event "CAN Ch"]
[Site "Toronto CAN"]
[Date "1996.??.??"]
[Round "5"]
[White "Baragar, Fletcher"]
[Black "Nickoloff, Bryon"]
[Result "0-1"]
[WhiteElo "2305"]
[BlackElo "2410"]
[PlyCount "74"]
[EventDate "1996.??.??"]
[Source "www.chesslib.no"]
[SourceDate "2004.05.04"]

1. c4 e6 2. Nc3 d5 3. d4 Nf6 4. Bg5 c5 5. cxd5 cxd4 6. Qxd4 Be7 7. e4 Nc6 8. Qd2 exd5 9. Bxf6 Bxf6 10. Nxd5 O-O 11. Nf3 Re8 12. Be2 Rxe4 13. O-O Bxb2 14. Qxb2 Qxd5 15. Rad1 Qa5 16. Bd3 Rb4 17. Qc2 h6 18. Be4 Be6 19. Rfe1 Qxa2 20. Qxa2 Bxa2 21. Bxc6 bxc6 22. Re7 Rb1 23. Rxb1 Bxb1 24. Ne5 Ba2 25. f4 Bd5 26. Rc7 a5 27. Nxc6 Bxc6 28. Rxc6 a4 29. Rc2 a3 30. Ra2 f5 31. Kf2 Kf7 32. Ke3 Ke6 33. Kd4 Ra4+ 34. Kc5 Rxf4 35. Rxa3 Rf2 36. Rg3 Kf6 37. Kd4 f4 0-1

[Event "Nordic-chT"]
[Site "Pohja"]
[Date "1985.??.??"]
[Round "?"]
[White "Ostenstad, Berge"]
[Black "Pyhala, Antti"]
[Result "0-1"]
[WhiteElo "2365"]
[BlackElo "2350"]
[PlyCount "84"]
[EventDate "1985.10.??"]
[Source "ChessBase"]

1. d4 d5 2. c4 e6 3. Nc3 Nf6 4. Bg5 c5 5. cxd5 cxd4 6. Qa4+ Qd7 7. Bxf6 Qxa4 8. Nxa4 gxf6 9. Rc1 Bb4+ 10. Kd1 Na6 11. e4 Bd7 12. Bxa6 Bxa4+ 13. b3 bxa6 14. bxa4 Kd7 15. Ne2 exd5 16. exd5 d3 17. Nd4 Rhe8 18. Rc4 Ba5 19. Nb3 Bb6 20. Nc1 Kd6 21. Kd2 Kxd5 22. Kxd3 Rad8 23. Rd1 Bxf2 24. Kc3+ Ke6 25. Rc6+ Ke7 26. Rxd8 Rxd8 27. Nd3 Bd4+ 28. Kc4 Bb6 29. Nb4 Rd2 30. Nd5+ Kd7 31. Rxf6 Rd4+ 32. Kc3 Rxd5 33. Rxf7+ Ke6 34. Rxh7 Rg5 35. g3 a5 36. Rh4 Kd5 37. Rf4 Re5 38. Rh4 Re3+ 39. Kc2 Re2+ 40. Kb3 Bd4 41. Rh5+ Be5 42. Ka3 Re3# 0-1

[Event "RUS-ch sf"]
[Site "Ekaterinburg"]
[Date "1996.??.??"]
[Round "?"]
[White "Glianietz, Alexander R"]
[Black "Pozin, Sergey"]
[Result "1-0"]
[WhiteElo "2385"]
[BlackElo "2330"]
[PlyCount "91"]
[EventDate "1996.??.??"]
[Source "www.chesslib.no"]
[SourceDate "2004.05.04"]

1. d4 Nf6 2. c4 e6 3. Nc3 d5 4. Bg5 c5 5. cxd5 cxd4 6. Qxd4 Be7 7. e4 O-O 8. Rd1 exd5 9. Bxf6 Bxf6 10. Qxd5 Qb6 11. Qb5 Be6 12. Nf3 Nd7 13. Nd5 Bxd5 14. Rxd5 Bxb2 15. Rxd7 Bc3+ 16. Kd1 Qxf2 17. Bc4 Rad8 18. Bxf7+ Kh8 19. Rxd8 Rxd8+ 20. Bd5 Qxg2 21. Rf1 h6 22. Qe2 Qg6 23. Qd3 Ba5 24. Rf2 Bb6 25. Re2 Ba5 26. Kc1 Qf6 27. Kb1 Bc3 28. Rc2 Qb6+ 29. Kc1 Bb4 30. Ne5 Qf6 31. Qb3 Qxe5 32. Qxb4 Qg5+ 33. Kb1 b6 34. Qd4 Qf4 35. Kb2 a5 36. a4 Rf8 37. Ka2 Rd8 38. Qxb6 Rb8 39. Qc7 Qf8 40. Qc5 Qf1 41. Bb3 Qd3 42. Qc4 Qd7 43. Qc7 Qe8 44. e5 Qf8 45. Qd6 Qe8 46. e6 1-0

[Event "Madrid-B"]
[Site "Madrid ESP"]
[Date "1994.??.??"]
[Round "1"]
[White "Candela Perez, Jose"]
[Black "Elguezabal Varela, Daniel"]
[Result "1/2-1/2"]
[WhiteElo "2340"]
[BlackElo "2370"]
[PlyCount "58"]
[EventDate "1994.??.??"]
[Source "www.chesslib.no"]
[SourceDate "2004.05.04"]

1. d4 d5 2. c4 e6 3. Nc3 Nf6 4. Bg5 c5 5. cxd5 cxd4 6. Qxd4 Be7 7. e4 Nc6 8. Qd2 exd5 9. Bxf6 Bxf6 10. exd5 Qe7+ 11. Be2 Nd4 12. O-O-O O-O 13. Bd3 Bg4 14. Re1 Qb4 15. Re4 Bh5 16. Nge2 Bxe2 17. Bxe2 Nxe2+ 18. Qxe2 Qd6 19. Rd1 Rac8 20. Rc4 b5 21. Rxc8 Rxc8 22. Kb1 Bxc3 23. bxc3 g6 24. g3 Rxc3 25. Qe8+ Kg7 26. Qxb5 Rc5 27. Qd3 Qb6+ 28. Ka1 Qf6+ 29. Kb1 Qb6+ 1/2-1/2

[Event "B"]
[Site "Madrid-B"]
[Date "1994.??.??"]
[Round "1"]
[White "Candela Perez, Jose"]
[Black "Elguezabal Varela, Daniel"]
[Result "1/2-1/2"]
[WhiteElo "2340"]
[BlackElo "2370"]
[PlyCount "58"]
[EventDate "1994.??.??"]
[Source "www.chesslib.no"]
[SourceDate "2004.05.04"]

1. d4 d5 2. c4 e6 3. Nc3 Nf6 4. Bg5 c5 5. cxd5 cxd4 6. Qxd4 Be7 7. e4 Nc6 8. Qd2 exd5 9. Bxf6 Bxf6 10. exd5 Qe7+ 11. Be2 Nd4 12. O-O-O O-O 13. Bd3 Bg4 14. Re1 Qb4 15. Re4 Bh5 16. Nge2 Bxe2 17. Bxe2 Nxe2+ 18. Qxe2 Qd6 19. Rd1 Rac8 20. g3 b5 21. Qd2 Bd4 22. Kb1 Qf6 23. Na4 Qh6 24. Re5 Rc4 25. Re2 Qd6 26. Qe3 Rc7 27. b3 Bc5 28. Nxc5 Qc6 29. a4 Rd8 1/2-1/2

[Event "France"]
[Site "?"]
[Date "1988.??.??"]
[Round "6"]
[White "Chabanon Jean Luc"]
[Black "Letzelter Jean Claude"]
[Result "0-1"]
[WhiteElo "2431"]
[BlackElo "2261"]
[PlyCount "74"]
[EventDate "1988.??.??"]
[Source "www.chesslib.no"]
[SourceDate "2004.05.04"]

1. d4 d5 2. c4 e6 3. Nc3 Nf6 4. Bg5 c5 5. e3 cxd4 6. exd4 Be7 7. Nf3 O-O 8. Rc1 Nc6 9. cxd5 Nxd5 10. Bxe7 Qxe7 11. Bc4 Nf4 12. O-O Rd8 13. Re1 Qb4 14. b3 a6 15. Qd2 Ng6 16. a4 Na5 17. h4 h6 18. h5 Ne7 19. Qf4 Bd7 20. Ne5 Be8 21. Ne4 Rxd4 22. Nf6+ gxf6 23. Qxd4 fxe5 24. Rxe5 b5 25. Rc3 Nac6 26. Rg3+ Kf8 27. Qg4 Nf5 28. Qg8+ Ke7 29. Rxe6+ fxe6 30. Qxe6+ Kd8 31. Qxf5 bxc4 32. Rg7 Qe1+ 33. Kh2 Qe5+ 34. Qxe5 Nxe5 35. Rh7 Nf7 36. g4 cxb3 37. f4 b2 0-1

[Event "Hamburg op"]
[Site "Hamburg"]
[Date "1984.??.??"]
[Round "2"]
[White "Velikov, Petar"]
[Black "Keller, M."]
[Result "1-0"]
[WhiteElo "2460"]
[BlackElo "2225"]
[PlyCount "111"]
[EventDate "1984.07.??"]
[Source "ChessBase"]

1. c4 e6 2. Nc3 d5 3. d4 Nf6 4. Bg5 c5 5. cxd5 cxd4 6. Qa4+ Nbd7 7. Qxd4 exd5 8. e3 Be7 9. Nf3 O-O 10. Be2 h6 11. Bh4 Qb6 12. O-O g5 13. Bg3 Qxd4 14. Nxd4 Nb6 15. Bd3 Nh5 16. Bc7 Be6 17. Nf5 Bxf5 18. Bxf5 Bf6 19. Rfd1 Ng7 20. Bg4 Ne6 21. Bxb6 Bxc3 22. bxc3 axb6 23. Bf3 Ra3 24. Bxd5 Rxc3 25. Bxb7 Nc5 26. Bd5 Rc8 27. g4 Nd3 28. Rab1 Rc1 29. Rdxc1 Rxc1+ 30. Rxc1 Nxc1 31. Kf1 Kf8 32. Ke1 Nd3+ 33. Ke2 Nc5 34. Kd2 Ke7 35. Kc3 f6 36. Kd4 Kd6 37. Be4 Ne6+ 38. Kc4 Nc7 39. Bg6 Ne6 40. Bc2 Kc6 41. Ba4+ Kd6 42. Kb5 Kc7 43. Bc2 Nc5 44. Bf5 Nb7 45. Kc4 Kd6 46. a4 Na5+ 47. Kb5 Kc7 48. Be4 Nb3 49. Bg2 Nc1 50. Kc4 Ne2 51. Bf1 Ng1 52. Kd5 Nf3 53. Ke6 Nd2 54. Bd3 Nb3 55. Kxf6 Nc5 56. Bc2 1-0

[Event "SVK Team Ch"]
[Site "Slovakia"]
[Date "1994.??.??"]
[Round "10"]
[White "Baranek, Jozef"]
[Black "Meister, Yakov"]
[Result "0-1"]
[WhiteElo "2230"]
[BlackElo "2445"]
[PlyCount "52"]
[EventDate "1994.??.??"]
[Source "www.chesslib.no"]
[SourceDate "2004.05.04"]

1. d4 d5 2. c4 e6 3. Nc3 Nf6 4. Bg5 c5 5. cxd5 cxd4 6. Qxd4 Be7 7. e4 Nc6 8. Bb5 O-O 9. Bxc6 bxc6 10. Bxf6 Bxf6 11. e5 c5 12. Qxc5 Bxe5 13. Nf3 Bxc3+ 14. bxc3 Ba6 15. d6 Rc8 16. Qd4 Qa5 17. Rc1 Rfd8 18. Ne5 Qa3 19. Rc2 Rxd6 20. Qf4 f6 21. Nf3 Rcd8 22. Qc1 e5 23. c4 Qxc1+ 24. Rxc1 Bxc4 25. a3 e4 26. Nh4 Rd2 0-1